| 000 | 01463 a2200265 4500 | ||
|---|---|---|---|
| 999 |
_c1347 _d1347 |
||
| 020 | _a9781681810874 | ||
| 050 |
_aH62 _bMAG 2015 |
||
| 100 |
_aMagwa, Simuforosa _eauthor |
||
| 245 |
_aA Guide to Conducting Research : _ba Student Handbook / _cSimuforosa Magwa and Wiseman Magwa |
||
| 264 |
_aTexas : _bStrategic Book Publishing and Rights Co., _c2015 |
||
| 300 |
_axi, 168pages : _billustrations. |
||
| 336 |
_2rdacontent _atext _btxt |
||
| 337 |
_2rdamedia _aunmediated _bn |
||
| 338 |
_2rdacarrier _avolume _bnc |
||
| 500 | _aIncludes bibliographical references | ||
| 504 | _aIncludes bibliographical references | ||
| 505 | _a1. The nature of research 2. Types of research 3. The research problem 4.Review of related literature 5. Research designs 6. Population and sampling 7. Data gathering techniques 8. Data presentation and analysis 9. Ethical considerations in research 10. Writing the research proposal 11. Writing the research report | ||
| 520 | _aThis textbook is specifically aimed at both undergraduate and postgraduate researchers and it seeks to equip the reader with an appreciation of research topic, design, methods and research reporting for academic purposes. | ||
| 650 |
_aAcademic writing _xHandbooks, manuals, etc. |
||
| 650 | _aResearch | ||
| 650 |
_a Information retrieval _xHandbooks, manuals, etc. |
||
| 650 |
_aResearch--Methodology _xHandbooks, manuals, etc. |
||
| 700 |
_aMagwa, Wiseman _eauthor |
||
| 942 |
_2lcc _cBK _h62 _iMAG _kH |
||